00561pam a2200181 a 4500008004100000020002300041245005700064260005200121300004100173440001800214504004100232500002000273651004300293700001600336003000100352005001700353040000900370  a025321646X (pbk. )00aReadings in African politics /cedited by Tom Young. aBloomington :bIndiana University Press,c2003. aviii, 242 p. :bill., maps ;c24 cm.1 aReadings in-- aIncludes bibliographical references. aIncludes index. 0aAfricaxPolitics and governmenty1960-1 aYoung, Tom.20230123124904.0 cNUST